The dangers of smoking in bed (Record no. 4670)

MARC details
000 -CABECERA
campo de control de longitud fija 01861cam a2200337 i 4500
001 - NÚMERO DE CONTROL
campo de control 99116494153404341
005 - FECHA Y HORA DE LA ÚLTIMA TRANSACCIÓN
campo de control 20250515083246.0
008 - DATOS DE LONGITUD FIJA--INFORMACIÓN GENERAL
campo de control de longitud fija 200803s2021 enk 000 f eng d
015 ## - NÚMERO DE BIBLIOGRAFÍA NACIONAL
Número de bibliografía nacional GBC119261
Fuente bnb
015 ## - NÚMERO DE BIBLIOGRAFÍA NACIONAL
Número de bibliografía nacional GBC1K4898
Fuente bnb
016 7# - NÚMERO DE CONTROL DE UNA AGENCIA BIBLIOGRÁFICA NACIONAL
Número de control del registro 020103334
Fuente Uk
020 ## - NÚMERO INTERNACIONAL ESTÁNDAR DEL LIBRO
Número Internacional Estándar del Libro 9781783788217
Información calificativa paperback
035 ## - NÚMERO DE CONTROL DEL SISTEMA
Número de control de sistema (OCoLC)1180973977
035 ## - NÚMERO DE CONTROL DEL SISTEMA
Número de control de sistema (OCoLC)on1180973977
040 ## - FUENTE DE LA CATALOGACIÓN
Centro catalogador/agencia de origen YDX
Lengua de catalogación eng
Normas de descripción rda
Centro/agencia transcriptor YDX
Centro/agencia modificador UKMGB
-- YDXIT
-- OCLCF
-- NZHWP
-- OCL
-- OCLCO
-- OCLCQ
-- OCLCO
-- Y@Y
-- NLE
041 1# - CÓDIGO DE LENGUA
Código de lengua del texto/banda sonora o título independiente eng
Código de lengua original spa
049 ## - FONDOS LOCALES (OCLC)
Fondos de biblioteca NLES
050 #4 - SIGNATURA TOPOGRÁFICA DE LA BIBLIOTECA DEL CONGRESO
Número de clasificación PQ7798.15.N75
Número de documento/Ítem A2 2021
100 ## - ENTRADA PRINCIPAL--NOMBRE DE PERSONA
Nombre de persona Enriquez, Mariana
Término indicativo de función/relación author.
9 (RLIN) 23650
240 10 - TÍTULO UNIFORME
Título uniforme Los peligros de fumar en la cama.
Lenguaje de la obra English
245 14 - MENCIÓN DE TÍTULO
Título The dangers of smoking in bed
Resto del título : stories
Mención de responsabilidad, etc. / Mariana Enriquez ; translated from the Spanish by Megan McDowell.
264 #1 - PRODUCCIÓN, PUBLICACIÓN, DISTRIBUCIÓN, FABRICACIÓN Y COPYRIGHT
Producción, publicación, distribución, fabricación y copyright London :
Nombre del de productor, editor, distribuidor, fabricante Granta,
Fecha de producción, publicación, distribución, fabricación o copyright 2021.
300 ## - DESCRIPCIÓN FÍSICA
Extensión 187 pages ;
Dimensiones 22 cm
500 ## - NOTA GENERAL
Nota general Originally published in Spain as Los peligros de fumar en la cama by Editorial Anagrama in Barcelona, Spain, 2017.
520 ## - SUMARIO, ETC.
Sumario, etc. Welcome to Buenos Aires, a place of nightmares and twisted imaginings, where missing children come back from the dead and unearthed bones carry terrible curses.<br/><br/>Thrumming with murderous intentions, family betrayals and morbid desires, these stories shine a light on a violent city gripped by urban madness; giving voice to the lost, the oppressed and the forgotten.<br/><br/>Lucid and darkly poetic, unsettling and otherworldly, these tales of revenge, witchcraft and fetishes are a masterpiece of contemporary Gothic and a bewitching exploration of the dark inclinations that threaten to lead us over the edge.
546 ## - NOTA DE LENGUA/LENGUAJE
Nota de lengua/lenguaje Text in English translated from the Spanish.
600 #0 - PUNTO DE ACCESO ADICIONAL DE MATERIA--NOMBRE DE PERSONA
Nombre de persona Enriquez, Mariana
Subdivisión de forma Translations into English.
9 (RLIN) 23650
655 #0 - TÉRMINO DE INDIZACIÓN--GÉNERO/FORMA
Datos o término principal de género/forma Short stories
9 (RLIN) 22375
700 ## - ENTRADA AGREGADA--NOMBRE PERSONAL
Nombre de persona McDowell, Megan,
Término indicativo de función/relación translator.
9 (RLIN) 24949
942 ## - ELEMENTOS DE ENTRADA AGREGADA (KOHA)
Fuente del sistema de clasificación o colocación Clasificación de Library of Congress
Holdings
Estado de retiro Estado de pérdida Fuente del sistema de clasificación o colocación Estado dañado No para préstamo Biblioteca de origen Biblioteca actual Fecha de adquisición Total de préstamos Signatura topográfica completa Código de barras Fecha visto por última vez Número de copia Precio válido a partir de Tipo de ítem Koha
    Clasificación de Library of Congress     TBS Barcelona TBS Barcelona 15/05/2025   P-EN ENR B05845 15/05/2025 1 15/05/2025 Book

Powered by Koha